000 00522nam a2200193Ia 4500
005 20250508113848.0
008 240822s9999 xx 000 0 und d
020 _a9789350026663
_qpbk
041 _aeng
082 _a330.15 PRA
100 _aPradhan H. Prasad
245 0 _aGandhi, Marx and India: An Alternative Path of Progress
245 0 _c/ Pradhan, H. Prasad;
250 _a1st ed.
260 _bAakar Books,
_c2000.
_aDelhi:
300 _a144p. :
_c15cm.
650 _aPolitical Science
942 _cENGLISH
999 _c530142
_d530142